000 00301nam a22001337a 4500
008 170623b xxu||||| |||| 00| 0 eng d
020 _a031242302
041 _aeng
080 _a32
100 _a21
101 _aSHP
245 _aINTERNATIONAL POLITICAL ECONOMY
_cFRIEDEN.J.A
942 _2udc
_cBK
999 _c19045
_d19045